Statistics for Capital Cities in Squares of an Empty World Map

Click here to take the quiz!

General Stats

  • This quiz has been taken 14,401 times
    (13,709 since last reset)
  • The average score is 46 of 66

Answer Stats

Box % Correct
Washington, DC | Ottawa
99%
Dublin | London | Amsterdam | Oslo
98%
Lisbon | Madrid | Andorra la Vella | Paris | Luxembourg | Brussels | Bern | Vaduz | Monaco
98%
Stockholm | Helsinki | Tallinn | Riga | Vilnius | Minsk | Warsaw | Berlin | Copenhagen
97%
Mexico City | Guatemala City | San Salvador
97%
Moscow
96%
Rome | Vatican | San Marino | Athens | Belgrade | Bratislava | Vienna | Ljubljana | Chișinău | Kiev | Bucharest | Skopje | Podgorica | Pristina | Budapest | Prague | Zagreb | Sofia | Sarajevo | Tirana
96%
Nicosia | Cairo | Beirut | Jerusalem | Amman | Damascus | Baghdad | Kuwait City | Riyadh | Manama
94%
Beijing | Pyongyang | Seoul
94%
Tokyo
94%
Islamabad | New Delhi | Kathmandu | Thimphu
91%
San Salvador | Belmopan | Tegucigalpa | Managua | Kingston | Havana | Port-au-Prince | Santo Domingo
91%
Buenos Aires | Montevideo
91%
Brasília
91%
San José | Panama City | Bogotá | Quito
89%
Canberra
89%
Lima
88%
Reykjavik
87%
Rabat | Tunis | Algiers
87%
Reykjavik
87%
Lisbon
86%
Kiev | Ankara | Tbilisi | Yerevan | Baku
86%
Hanoi | Vientiane | Bangkok | Naypyidaw | Phnom Penh
86%
Santiago
86%
Taipei | Seoul
85%
Tehran | Doha | Abu Dhabi | Kabul
84%
Wellington
83%
Addis Ababa | Nairobi | Juba | Mogadishu | Kampala
81%
Singapore | Kuala Lumpur
81%
Caracas | Kingstown | Castries | Basseterre | Saint George's | Roseau | Bridgetown | Saint John's
81%
Jakarta
81%
Caracas | Georgetown | Paramaribo | Port-of-Spain
80%
Manila
78%
La Paz | Sucre | Asunción
76%
Cape Town | Maseru
75%
Ulaanbaatar
72%
Valletta | Tripoli
72%
Windhoek | Pretoria | Bloemfontein | Maseru | Mbabane | Gaborone | Harare
71%
Kinshasa | Brazzaville | Luanda | Gitega | Lusaka
70%
Sana'a | Djibouti | Asmara | Khartoum
68%
Yamoussoukro | Accra | Porto-Novo | Cotonou | Lomé | Libreville | São Tomé | Malabo | Abuja
66%
Abu Dhabi | Muscat
65%
Praia | Banjul | Nouakchott | Bissau | Dakar
62%
Nassau
61%
Nur-Sultan | Bishkek
61%
Conakry | Monrovia | Freetown
59%
Harare | Mbabane | Maputo | Antananarivo
59%
Dhaka
57%
Dushanbe | Ashgabat | Tashkent
53%
Sri Jayawardenepura Kotte | Malé
51%
Niamey | Bamako | Ouagadougou
47%
Port Moresby
47%
Dili
43%
Kigali | Bangui | Yaoundé
42%
Nuku'alofa | Suva
39%
Dodoma | Lilongwe | Moroni
39%
N'Djamena
37%
Victoria
37%
Funafuti | Apia
35%
Bandar Seri Begawan
34%
Port Louis
30%
Yaren | Palikir
26%
Port Vila
25%
South Tarawa | Majuro
25%
Honiara
23%
Ngerulmud
21%

Score Distribution

Percentile by Number Answered

Percent of People with Each Score

Your Score History

You have not taken this quiz since the last reset